|
|
|
|
| LEADER |
00000nab a2200000 a 4500 |
| 001 |
vtls011131718 |
| 003 |
SK-MaSNL |
| 005 |
20260303191030.0 |
| 008 |
230222|1994 xo |||||||||||||||||slo| |
| 015 |
|
|
|a SNBRB
|
| 035 |
|
|
|a (uuid)ad6dc8e5-7ca0-4f92-81d0-ac280dd20734
|
| 035 |
|
|
|a (urnnbn)urn:nbn:sk:snk:ar-a09lqw
|
| 035 |
|
|
|a urn:nbn:sk:snk-aba9h1
|
| 040 |
|
|
|a SNKBUCL
|b slo
|c SNKBUCL
|e AACR2
|
| 041 |
0 |
|
|a slo
|
| 044 |
|
|
|a xo
|c SK
|
| 100 |
1 |
|
|a Lukáč, Tibor,
|d 1945-2005
|4 aut
|9 111415
|
| 245 |
1 |
0 |
|a ANALÝZA VÝKONNOSTI ĽAHKEJ LANOVKY VO VÝCHOVNÝCH ŤAŽBÁCH
|c Tibor Lukáč
|
| 773 |
0 |
|
|t Acta Facultatis Forestalis Zvolen Czechoslovakia
|g Roč. 36, č. 36 (1994), s. 309-321
|
| 954 |
|
|
|a odborná, vedecká literatúra pôvodná (slovenská)
|2 lita
|
| 958 |
|
|
|a OND
|
| 958 |
|
|
|a EUIPO
|
| 958 |
|
|
|a article13
|
| 999 |
|
|
|c 2139160
|d 2141090
|